000 00482nam a2200181Ia 4500
001 1515
005 20260306143734.0
008 260306t2023||||xx |||||||||||||| ||spa||
041 _aESP
082 _a150.72
_bA72
100 _aArias Gallegos, Walter,
_eAUT
245 0 _aLa investigación psicológica en América Latina :
_bhistoria, ciencia y formación
260 _c2023
300 _a445 páginas :
_c25 cm.
650 _aGEN
654 _aCPS
942 _cLIB
_dJUS
_fJUS
_2ddc
_n
999 _c1515
_d1515